Psicologia de la viveza criolla : contribuciones para una interpretacion de la realidad social /
Guardado en:
| Autor Principal: | |
|---|---|
| Formato: | Libro |
| Publicado: |
Buenos Aires :
Distal / Libreria,
1984
|
| Materias: | |
| Etiquetas: |
Agregar Etiqueta
Sin Etiquetas, Sea el primero en etiquetar este registro!
|
| LEADER | 00609nam a22001815a 4500 | ||
|---|---|---|---|
| 001 | EHU.bham024486 | ||
| 003 | AR-BHAM | ||
| 005 | 20130507150511.0 | ||
| 008 | 130507s1984##################000#0#####d | ||
| 082 | 3 | 0 | |a 309.98 |
| 100 | 1 | |a Mafud, Julio | |
| 245 | 1 | 0 | |a Psicologia de la viveza criolla : |b contribuciones para una interpretacion de la realidad social / |c Julio Mafud |
| 260 | |a Buenos Aires : |b Distal / Libreria, |c 1984 | ||
| 300 | |a 333 p. | ||
| 653 | |a Donacion lejarraga | ||
| 653 | |a Sociologia latinoamericana | ||
| 653 | |a Sociologia argentina | ||
| 859 | |a AR-BHAM |b BIB. HUMANIDADES - General |h 309.98 |i M269 |p 260.02 |t Ej.1 | ||
